Communist women in Scotland (Record no. 9518)
[ view plain ]
| 000 -LEADER | |
|---|---|
| fixed length control field | 01546nam a2200325Ia 4500 |
| 001 - CONTROL NUMBER | |
| control field | ebr10267539 |
| 003 - CONTROL NUMBER IDENTIFIER | |
| control field | CaPaEBR |
| 006 - FIXED-LENGTH DATA ELEMENTS--ADDITIONAL MATERIAL CHARACTERISTICS--GENERAL INFORMATION | |
| fixed length control field | m u |
| 007 - PHYSICAL DESCRIPTION FIXED FIELD--GENERAL INFORMATION | |
| fixed length control field | cr cn||||||||| |
| 008 - FIXED-LENGTH DATA ELEMENTS--GENERAL INFORMATION | |
| fixed length control field | 081118s2008 enka sb 001 0 eng d |
| 010 ## - LIBRARY OF CONGRESS CONTROL NUMBER | |
| Canceled/invalid LC control number | 2008300215 |
| 020 ## - INTERNATIONAL STANDARD BOOK NUMBER | |
| Cancelled/invalid ISBN | 9781845116248 |
| Cancelled/invalid ISBN | 1845116240 |
| 040 ## - CATALOGING SOURCE | |
| Original cataloging agency | CaPaEBR |
| Transcribing agency | CaPaEBR |
| 035 ## - SYSTEM CONTROL NUMBER | |
| System control number | (OCoLC)312662227 |
| 050 14 - LIBRARY OF CONGRESS CALL NUMBER | |
| Classification number | HX250.S3 |
| Item number | R34 2008eb |
| 100 1# - MAIN ENTRY--PERSONAL NAME | |
| Personal name | Rafeek, Neil C. |
| 245 10 - TITLE STATEMENT | |
| Title | Communist women in Scotland |
| Medium | [electronic resource] : |
| Remainder of title | Red Clydeside from the Russian Revolution to the end of the Soviet Union / |
| Statement of responsibility, etc | Neil C. Rafeek. |
| 260 ## - PUBLICATION, DISTRIBUTION, ETC. (IMPRINT) | |
| Place of publication, distribution, etc | London ; |
| -- | New York : |
| Name of publisher, distributor, etc | Tauris Academic Studies ; |
| Place of publication, distribution, etc | New York : |
| Name of publisher, distributor, etc | Distributed in the U.S.A. by Palgrave Macmillan, |
| Date of publication, distribution, etc | 2008. |
| 300 ## - PHYSICAL DESCRIPTION | |
| Extent | x, 294 p. : |
| Other physical details | ill. |
| 504 ## - BIBLIOGRAPHY, ETC. NOTE | |
| Bibliography, etc | Includes bibliographical references (p. [276]-284) and index. |
| 533 ## - REPRODUCTION NOTE | |
| Type of reproduction | Electronic reproduction. |
| Place of reproduction | Palo Alto, Calif. : |
| Agency responsible for reproduction | ebrary, |
| Date of reproduction | 2009. |
| Note about reproduction | Available via World Wide Web. |
| -- | Access may be limited to ebrary affiliated libraries. |
| 650 #0 - SUBJECT ADDED ENTRY--TOPICAL TERM | |
| Topical term or geographic name as entry element | Women in the labor movement |
| Geographic subdivision | Scotland |
| -- | Glasgow |
| General subdivision | History |
| Chronological subdivision | 20th century. |
| Topical term or geographic name as entry element | Women and socialism |
| Geographic subdivision | Scotland |
| -- | Glasgow |
| General subdivision | History |
| Chronological subdivision | 20th century. |
| Topical term or geographic name as entry element | Women and communism |
| Geographic subdivision | Scotland |
| -- | Glasgow |
| General subdivision | History |
| Chronological subdivision | 20th century. |
| Topical term or geographic name as entry element | Working class |
| Geographic subdivision | Scotland |
| -- | Glasgow |
| General subdivision | Political activity |
| -- | History |
| Chronological subdivision | 20th century. |
| 655 #7 - INDEX TERM--GENRE/FORM | |
| Genre/form data or focus term | Electronic books. |
| Source of term | local |
| 710 2# - ADDED ENTRY--CORPORATE NAME | |
| Corporate name or jurisdiction name as entry element | ebrary, Inc. |
| 856 40 - ELECTRONIC LOCATION AND ACCESS | |
| Uniform Resource Identifier | <a href="http://site.ebrary.com/lib/rucke/Doc?id=10267539">http://site.ebrary.com/lib/rucke/Doc?id=10267539</a> |
| Public note | An electronic book accessible through the World Wide Web; click to view |
No items available.
